[Event "GER-ch Net blitz sf"]
[Site "Playchess.com INT"]
[Date "2021.06.05"]
[Round "3"]
[White "Flach, Erich"]
[Black "Gremmel, Jonas Simon"]
[Result "0-1"]
[WhiteElo "1908"]
[BlackElo "2054"]
[PlyCount "86"]
[EventDate "2021.06.05"]
[EventType "swiss (blitz)"]
[EventRounds "13"]
[EventCountry "GER"]
[SourceTitle "EXT 2023"]
[Source "ChessBase"]
[SourceDate "2022.10.05"]
[SourceVersion "1"]
[SourceVersionDate "2022.10.05"]
[SourceQuality "1"]

1. c4 c6 2. e4 d5 3. exd5 cxd5 4. cxd5 Nf6 5. Qa4+ Bd7 6. Qb3 Qb6 7. Qxb6 axb6 8. Bc4 Na6 9. Nc3 g6 10. Nf3 Bg7 11. 0-0 0-0 12. Re1 Rfe8 13. d4 Nb4 14. Re2 Rac8 15. Bb3 Bg4 16. Re3 Rcd8 17. Ne5 Bc8 18. d6 e6 19. a3 Nc6 20. Nf3 Rxd6 21. d5 Na5 22. Ba2 exd5 23. Rxe8+ Nxe8 24. Nxd5 Be6 25. Bf4 Rxd5 26. Bxd5 Bxd5 27. Rd1 Bc6 28. Rd8 Bf6 29. Rb8 Kg7 30. Be5 Bxe5 31. Nxe5 Nd6 32. Nxc6 Nxc6 33. Ra8 Kf6 34. Ra4 Ke5 35. Kf1 Kd5 36. Rf4 f5 37. Ke1 Ne4 38. f3 Nc5 39. b4 Nd3+ 40. Kd2 Nxf4 41. Ke3 Ne6 42. g4 f4+ 43. Kd3 Ne5+ 0-1

[Event "GER-ch Net blitz sf"]
[Site "Playchess.com INT"]
[Date "2021.06.05"]
[Round "12"]
[White "Flach, Erich"]
[Black "Kull, Florian"]
[Result "1-0"]
[WhiteElo "1908"]
[BlackElo "2087"]
[PlyCount "37"]
[EventDate "2021.06.05"]
[EventType "swiss (blitz)"]
[EventRounds "13"]
[EventCountry "GER"]
[SourceTitle "EXT 2023"]
[Source "ChessBase"]
[SourceDate "2022.10.05"]
[SourceVersion "1"]
[SourceVersionDate "2022.10.05"]
[SourceQuality "1"]

1. c4 Nf6 2. Nc3 e6 3. e4 c5 4. e5 Ng8 5. Nf3 Nc6 6. d4 cxd4 7. Nxd4 Nxe5 8. Ndb5 a6 9. Nd6+ Bxd6 10. Qxd6 f6 11. f4 Nc6 12. Be3 Nge7 13. Bd3 Qa5 14. Bc5 Kf7 15. 0-0 b6 16. Ba3 Nf5 17. Bxf5 Qe5 18. fxe5 exf5 19. e6+ 1-0

[Event "GER-ch Net blitz sf"]
[Site "Playchess.com INT"]
[Date "2021.06.05"]
[Round "1"]
[White "Flach, Erich"]
[Black "Reindl, Arno"]
[Result "0-1"]
[WhiteElo "1908"]
[BlackElo "2164"]
[PlyCount "68"]
[EventDate "2021.06.05"]
[EventType "swiss (blitz)"]
[EventRounds "13"]
[EventCountry "GER"]
[SourceTitle "EXT 2023"]
[Source "ChessBase"]
[SourceDate "2022.10.05"]
[SourceVersion "1"]
[SourceVersionDate "2022.10.05"]
[SourceQuality "1"]

1. c4 c5 2. g3 h5 3. Nf3 e6 4. h4 Nc6 5. Nc3 Nf6 6. Bg2 Bd6 7. d4 cxd4 8. Nxd4 0-0 9. Bg5 Be5 10. e3 Qb6 11. Nb3 a5 12. 0-0 a4 13. Nd2 Qxb2 14. Nce4 Qxa1 15. Qxa1 Bxa1 16. Rxa1 Nxe4 17. Nxe4 a3 18. Nc3 Nb4 19. Bf4 Ra6 20. Rd1 d5 21. c5 Bd7 22. Bd6 Rc8 23. e4 Rxd6 24. cxd6 Rxc3 25. exd5 Nxd5 26. Bxd5 exd5 27. Rxd5 Rc1+ 28. Kh2 Rc2 29. Kg1 Rxa2 30. Rxh5 Ra1+ 31. Kg2 a2 32. Ra5 Be6 33. Ra8+ Kh7 34. d7 Bxd7 0-1

[Event "GER-ch Net blitz sf"]
[Site "Playchess.com INT"]
[Date "2021.06.05"]
[Round "2"]
[White "Loew, Gerald"]
[Black "Flach, Erich"]
[Result "1-0"]
[WhiteElo "2084"]
[BlackElo "1908"]
[PlyCount "87"]
[EventDate "2021.06.05"]
[EventType "swiss (blitz)"]
[EventRounds "13"]
[EventCountry "GER"]
[SourceTitle "EXT 2023"]
[Source "ChessBase"]
[SourceDate "2022.10.05"]
[SourceVersion "1"]
[SourceVersionDate "2022.10.05"]
[SourceQuality "1"]

1. c4 c5 2. g3 e6 3. Bg2 Nc6 4. Nf3 Nf6 5. 0-0 d5 6. cxd5 exd5 7. d4 Be7 8. dxc5 Bxc5 9. Bg5 Be6 10. Qc2 Be7 11. Nc3 h6 12. Bf4 0-0 13. Rfd1 Qb6 14. Na4 Qa5 15. a3 Rac8 16. b4 Qb5 17. Nc3 Qb6 18. Qb2 Ng4 19. Rf1 Nf6 20. Rac1 Na5 21. Be3 Nc4 22. Bxb6 Nxb2 23. Bxa7 Ra8 24. Bc5 Bxc5 25. bxc5 Rxa3 26. Nb5 Rb3 27. Nbd4 Rb4 28. Rc2 Nc4 29. Ra1 Rc8 30. Nxe6 fxe6 31. Nd4 e5 32. Ne6 Rc6 33. Nd8 Rxc5 34. Bh3 Rcb5 35. Ra8 Kh7 36. Bf5+ g6 37. Bd3 Nb2 38. Nf7 Rb6 39. Nxe5 Nxd3 40. Nxd3 Rb1+ 41. Kg2 Re6 42. Rc7+ Nd7 43. Rxd7+ Re7 44. Rxe7# 1-0

[Event "GER-ch Net blitz qual4"]
[Site "Playchess.com INT"]
[Date "2021.05.10"]
[Round "4"]
[White "Azimov, Stanislav"]
[Black "Flach, Erich"]
[Result "1-0"]
[WhiteElo "1861"]
[BlackElo "1954"]
[PlyCount "51"]
[EventDate "2021.05.10"]
[EventType "swiss (blitz)"]
[EventRounds "11"]
[EventCountry "GER"]
[SourceTitle "CBM 202 Extra"]
[Source "ChessBase"]
[SourceDate "2021.07.31"]
[SourceVersion "1"]
[SourceVersionDate "2021.07.31"]
[SourceQuality "1"]

1. e4 c5 2. b4 cxb4 3. a3 e5 4. axb4 Bxb4 5. c3 Ba5 6. Bc4 Nf6 7. d3 0-0 8. Bg5 Nc6 9. Ne2 h6 10. Bh4 g5 11. Bg3 d5 12. exd5 Nxd5 13. 0-0 Kg7 14. Qb3 Nde7 15. d4 exd4 16. Nxd4 Bb6 17. Rd1 Nxd4 18. cxd4 Nf5 19. Nc3 Bd7 20. Nd5 Bxd4 21. Rxd4 Nxd4 22. Be5+ Kg6 23. Bxd4 Be6 24. Rd1 b5 25. Qxb5 Rb8 26. Qa6 1-0

[Event "GER-ch Net blitz qual4"]
[Site "Playchess.com INT"]
[Date "2021.05.10"]
[Round "1"]
[White "Flach, Erich"]
[Black "Acton, Fynn Jona"]
[Result "1-0"]
[WhiteElo "1954"]
[BlackElo "1581"]
[PlyCount "73"]
[EventDate "2021.05.10"]
[EventType "swiss (blitz)"]
[EventRounds "11"]
[EventCountry "GER"]
[SourceTitle "CBM 202 Extra"]
[Source "ChessBase"]
[SourceDate "2021.07.31"]
[SourceVersion "1"]
[SourceVersionDate "2021.07.31"]
[SourceQuality "1"]

1. c4 Nf6 2. Nc3 g6 3. e4 d6 4. d4 Bg7 5. Nf3 0-0 6. Be2 e5 7. 0-0 Nc6 8. Be3 Ng4 9. Bg5 Ne7 10. h3 Nh6 11. dxe5 Qd7 12. Qd2 Nhf5 13. exf5 Nxf5 14. exd6 cxd6 15. Rad1 h6 16. Bf4 Rd8 17. Nd5 g5 18. Bh2 b6 19. Rfe1 Bb7 20. g4 Nh4 21. Nxh4 gxh4 22. Bf3 Re8 23. Qf4 Rad8 24. Nf6+ Bxf6 25. Qxf6 Rxe1+ 26. Rxe1 Kh7 27. Bxb7 Qxb7 28. Qxd8 f6 29. Qxf6 h5 30. Re7+ Qxe7 31. Qxe7+ Kh6 32. Bf4+ Kg6 33. Qe6+ Kg7 34. Bxd6 hxg4 35. Be5+ Kh7 36. Qf7+ Kh6 37. Bf4# 1-0

[Event "GER-ch Net blitz qual4"]
[Site "Playchess.com INT"]
[Date "2021.05.10"]
[Round "9"]
[White "Flach, Erich"]
[Black "Rieling, Thomas"]
[Result "1-0"]
[WhiteElo "1954"]
[BlackElo "1792"]
[PlyCount "125"]
[EventDate "2021.05.10"]
[EventType "swiss (blitz)"]
[EventRounds "11"]
[EventCountry "GER"]
[SourceTitle "CBM 202 Extra"]
[Source "ChessBase"]
[SourceDate "2021.07.31"]
[SourceVersion "1"]
[SourceVersionDate "2021.07.31"]
[SourceQuality "1"]

1. c4 e5 2. g3 Nc6 3. Nc3 g6 4. Bg2 Bg7 5. e3 d6 6. Nge2 Nf6 7. 0-0 0-0 8. d3 Bd7 9. Rb1 a5 10. a3 Qc8 11. b4 axb4 12. axb4 Bh3 13. b5 Bxg2 14. Kxg2 Ne7 15. e4 b6 16. h3 Nh5 17. Bg5 f6 18. Be3 f5 19. Bg5 Qe6 20. f3 h6 21. Bxe7 Qxe7 22. Nd5 Qd7 23. Qd2 Ra5 24. Ra1 Rxa1 25. Rxa1 fxe4 26. fxe4 Qf7 27. Ng1 Nf6 28. Ne3 Kh7 29. Qa2 h5 30. Rf1 Qe6 31. Qa7 Qd7 32. Ne2 Bh6 33. Nd5 Nxd5 34. exd5 Rxf1 35. Kxf1 Qf5+ 36. Kg2 Qxd3 37. Qxc7+ Bg7 38. Kf2 Qf5+ 39. Kg2 Qf6 40. Nc3 Kh6 41. h4 e4 42. Nxe4 Qd4 43. Qe7 Be5 44. Qg5+ Kh7 45. Qe7+ Kh8 46. Qf8+ Kh7 47. Qf7+ Kh6 48. Qf3 Qxc4 49. Ng5 Qc2+ 50. Kh3 Qf5+ 51. Qxf5 gxf5 52. Ne6 Kg6 53. Kg2 Kf7 54. Kf3 Ke7 55. Ke3 Bxg3 56. Ng7 Kf6 57. Nxh5+ Ke5 58. Nxg3 f4+ 59. Kf3 fxg3 60. Kxg3 Kxd5 61. h5 Ke6 62. Kf4 Kf6 63. Ke4 1-0

[Event "GER-ch Net blitz qual2"]
[Site "Playchess.com INT"]
[Date "2021.05.04"]
[Round "11"]
[White "Schulz, Karsten"]
[Black "Flach, Erich"]
[Result "1/2-1/2"]
[WhiteElo "2262"]
[BlackElo "1872"]
[PlyCount "151"]
[EventDate "2021.05.04"]
[EventType "swiss (blitz)"]
[EventRounds "11"]
[EventCountry "GER"]
[SourceTitle "CBM 202 Extra"]
[Source "ChessBase"]
[SourceDate "2021.07.31"]
[SourceVersion "1"]
[SourceVersionDate "2021.07.31"]
[SourceQuality "1"]

1. Nf3 c5 2. c4 Nf6 3. g3 b6 4. Bg2 Bb7 5. b3 e6 6. Bb2 d5 7. 0-0 Be7 8. e3 0-0 9. Nc3 a6 10. Qe2 d4 11. exd4 cxd4 12. Nd1 Nc6 13. d3 Rb8 14. Re1 Bb4 15. Nd2 a5 16. a3 Bc5 17. f4 Qd7 18. Nf2 Rfe8 19. Nfe4 Nxe4 20. Nxe4 Bf8 21. Bh3 Ne7 22. Ng5 Nf5 23. Bc1 h6 24. Ne4 Qc6 25. Bg2 Qd7 26. Bd2 Red8 27. b4 a4 28. Qg4 Qe7 29. Qe2 Qd7 30. Bf3 Ne3 31. Bxe3 dxe3 32. Rad1 Qd4 33. Qxe3 Qb2 34. d4 g6 35. Rd2 Qb3 36. Rd3 Qb2 37. Rd2 Qb3 38. Qxb3 axb3 39. Rb1 Bg7 40. Rxb3 Bxd4+ 41. Kg2 Kg7 42. Nf2 Bf6 43. Rxd8 Bxf3+ 44. Kxf3 Rxd8 45. Rd3 Rc8 46. Rd6 Rxc4 47. Rxb6 Rc3+ 48. Kg2 Rxa3 49. Rb7 Rb3 50. b5 Rb2 51. Kf3 Rb3+ 52. Ke2 Rb2+ 53. Ke3 Rb3+ 54. Nd3 Bd8 55. Kd2 Ba5+ 56. Ke3 Kf6 57. Ke2 Rb1 58. Ne5 Rb2+ 59. Kf3 Rb3+ 60. Ke2 Kf5 61. Rxf7+ Ke4 62. Rd7 Rxb5 63. Nf3 Rb2+ 64. Nd2+ Kf5 65. Ke3 Bxd2+ 66. Rxd2 Rxd2 67. Kxd2 e5 68. fxe5 Kxe5 69. Ke3 Kf5 70. Kf3 g5 71. g4+ Ke5 72. Ke3 Kd5 73. Kd3 Ke5 74. Ke3 Kd5 75. Kd3 Ke5 76. Ke3 1/2-1/2

[Event "GER-ch Net blitz qual1"]
[Site "Playchess.com INT"]
[Date "2021.04.24"]
[Round "9"]
[White "Flach, Erich"]
[Black "Quante, Lennart"]
[Result "0-1"]
[WhiteElo "2001"]
[BlackElo "1620"]
[PlyCount "186"]
[EventDate "2021.04.24"]
[EventType "swiss (blitz)"]
[EventRounds "11"]
[EventCountry "GER"]
[SourceTitle "CBM 202 Extra"]
[Source "ChessBase"]
[SourceDate "2021.07.31"]
[SourceVersion "1"]
[SourceVersionDate "2021.07.31"]
[SourceQuality "1"]

1. c4 g6 2. d4 Bg7 3. Nc3 c5 4. d5 Bxc3+ 5. bxc3 e5 6. dxe6 dxe6 7. Qd3 Qxd3 8. exd3 Nc6 9. Nf3 b6 10. Be2 e5 11. 0-0 Nf6 12. Bg5 Nd7 13. Rfe1 0-0 14. Nd2 f6 15. Be3 Rd8 16. Bf3 Bb7 17. Ne4 Rab8 18. Nd6 Ba8 19. Bd5+ Kg7 20. Nf7 g5 21. Nxd8 Rxd8 22. Rad1 Na5 23. d4 Bxd5 24. cxd5 exd4 25. cxd4 c4 26. Bd2 Kf7 27. Bb4 Nf8 28. Re7+ Kg6 29. Rxa7 c3 30. Bxc3 Rxd5 31. Bxa5 bxa5 32. Ra6 Kf7 33. a4 Ne6 34. Ra7+ Kg6 35. f3 h5 36. Kf2 h4 37. Re7 Nf4 38. g3 hxg3+ 39. hxg3 Nh5 40. Rc7 Ng7 41. Rc5 Rd6 42. d5 Nf5 43. Rc6 Rd7 44. Ra6 Rb7 45. Rd2 Rb3 46. Rxa5 g4 47. fxg4 Nxg3 48. Rd3 Rxd3 49. d6 Ne4+ 50. Ke2 Rxd6 51. Ke3 Nc3 52. Ra8 Kg7 53. a5 Rd5 54. Rc8 Nd1+ 55. Ke2 Nb2 56. Ra8 Nc4 57. a6 Rd2+ 58. Kf3 Ra2 59. Ke4 Nd6+ 60. Kd5 Nf7 61. Ke6 Ng5+ 62. Kf5 Ra5+ 63. Kf4 Nf7 64. Ra7 Kg6 65. Ra8 Ra4+ 66. Kg3 Nh6 67. Kf3 Nxg4 68. a7 Ne5+ 69. Kg2 Kg7 70. Kf2 Nc6 71. Rc8 Nxa7 72. Rc7+ Kg6 73. Rc5 Rb4 74. Kg3 Nb5 75. Rd5 Nd4 76. Rd8 Nf5+ 77. Kf3 Rb3+ 78. Kf4 Rb4+ 79. Kf3 Nh4+ 80. Kg3 Kg5 81. Rg8+ Ng6 82. Kf3 f5 83. Rg7 Rb3+ 84. Kf2 Kf6 85. Rg8 Ne5 86. Rf8+ Kg5 87. Rg8+ Kf4 88. Re8 Rb2+ 89. Kf1 Ng4 90. Re7 Kf3 91. Ke1 f4 92. Re8 Ne3 93. Rg8 Re2# 0-1

[Event "GER-ch Net blitz qual1"]
[Site "Playchess.com INT"]
[Date "2021.04.24"]
[Round "3"]
[White "Meissner, Felix"]
[Black "Flach, Erich"]
[Result "1-0"]
[WhiteElo "2351"]
[BlackElo "2001"]
[PlyCount "51"]
[EventDate "2021.04.24"]
[EventType "swiss (blitz)"]
[EventRounds "11"]
[EventCountry "GER"]
[SourceTitle "CBM 202 Extra"]
[Source "ChessBase"]
[SourceDate "2021.07.31"]
[SourceVersion "1"]
[SourceVersionDate "2021.07.31"]
[SourceQuality "1"]

1. e4 c5 2. Nf3 e6 3. g3 Nc6 4. Bg2 g6 5. d4 Bg7 6. d5 Ne5 7. Nc3 Nxf3+ 8. Bxf3 d6 9. dxe6 Bxe6 10. Bf4 Qa5 11. 0-0 Be5 12. Bxe5 dxe5 13. Qd6 Ne7 14. Qxe5 0-0 15. Qf6 Nc6 16. h4 h5 17. e5 Nd4 18. Be4 Bf5 19. Bxf5 Nxf5 20. Ne4 Rae8 21. c3 Re6 22. Qg5 Rxe5 23. Nf6+ Kh8 24. Nd7 Rfe8 25. Nxe5 c4 26. Qf6+ 1-0

[Event "DSOL 02 Liga Final 1st"]
[Site "Playchess.com INT"]
[Date "2020.09.04"]
[Round "2.4"]
[White "Cording, Thomas"]
[Black "Flach, Erich"]
[Result "1-0"]
[WhiteElo "1955"]
[BlackElo "2036"]
[PlyCount "95"]
[EventDate "2020.06.22"]
[EventType "team-k.o. (rapid)"]
[EventCountry "GER"]
[SourceTitle "EXT 2021"]
[Source "ChessBase"]
[SourceDate "2020.10.23"]
[SourceVersion "1"]
[SourceVersionDate "2020.10.23"]
[SourceQuality "1"]
[WhiteTeam "Grosshansdorf"]
[BlackTeam "Langen"]
[WhiteTeamCountry "GER"]
[BlackTeamCountry "GER"]

1. f4 c5 2. Nf3 Nc6 3. e4 d5 4. exd5 Qxd5 5. Nc3 Qd6 6. Bb5 Bd7 7. d3 Nf6 8. 0-0 g6 9. Ne4 Nxe4 10. dxe4 Qxd1 11. Rxd1 Bg7 12. c3 a6 13. Bc4 Bg4 14. Be3 Na5 15. Be2 b6 16. Rac1 0-0 17. h3 Be6 18. b3 h6 19. g4 Bc8 20. b4 Nb7 21. Nd2 a5 22. b5 Nd6 23. e5 Ne8 24. Nc4 Rb8 25. Bf3 Nc7 26. a4 Be6 27. Nb2 Rfd8 28. c4 f6 29. Nd3 Kf7 30. Be4 Ne8 31. f5 gxf5 32. gxf5 Bc8 33. e6+ Kf8 34. Bf4 Nd6 35. Bxd6 Rxd6 36. Nf4 Bb7 37. Bxb7 Rxb7 38. Rxd6 exd6 39. Rd1 Ke8 40. Rxd6 Bf8 41. Rd5 Rg7+ 42. Ng6 h5 43. Kf2 Rb7 44. Rd7 Rb8 45. Kf3 Bh6 46. Ke4 Bc1 47. Kd5 Bb2 48. Kc6 1-0

[Event "DSOL 02 Liga Gr-A 1st"]
[Site "Playchess.com INT"]
[Date "2020.08.03"]
[Round "7.4"]
[White "Kraemer, Stefan"]
[Black "Flach, Erich"]
[Result "0-1"]
[WhiteElo "2104"]
[BlackElo "2036"]
[PlyCount "60"]
[EventDate "2020.06.22"]
[EventType "team-tourn (rapid)"]
[EventCountry "GER"]
[SourceTitle "EXT 2021"]
[Source "ChessBase"]
[SourceDate "2020.10.23"]
[SourceVersion "1"]
[SourceVersionDate "2020.10.23"]
[SourceQuality "1"]
[WhiteTeam "Altstadt Roter Turm"]
[BlackTeam "Langen"]
[WhiteTeamCountry "GER"]
[BlackTeamCountry "GER"]

1. e4 c5 2. Nf3 e6 3. d4 cxd4 4. Nxd4 a6 5. Nc3 Qc7 6. Bd3 Nf6 7. 0-0 d6 8. Be3 Nbd7 9. Qe2 Be7 10. a4 b6 11. f3 Bb7 12. Rac1 0-0 13. Rfd1 Rfe8 14. Qf2 d5 15. exd5 Nxd5 16. Nxd5 Bxd5 17. c4 Bb7 18. Bb1 Rac8 19. Kh1 Red8 20. b3 Qe5 21. Re1 Qh5 22. Ne2 Bh4 23. Ng3 Qa5 24. Red1 Qb4 25. Qc2 g6 26. Ne4 Be7 27. Bd2 Qa3 28. Bc3 Bxe4 29. Qxe4 Qxb3 30. Qb7 Nc5 0-1

[Event "GER Cup Net V4 U2400"]
[Site "Playchess.com INT"]
[Date "2020.05.31"]
[Round "4"]
[White "Becker, Marcel"]
[Black "Flach, Erich"]
[Result "1-0"]
[WhiteElo "2014"]
[BlackElo "1979"]
[PlyCount "79"]
[EventDate "2020.05.31"]
[EventType "swiss (blitz)"]
[EventRounds "9"]
[EventCountry "GER"]
[SourceTitle "EXT 2021"]
[Source "ChessBase"]
[SourceDate "2020.10.23"]
[SourceVersion "1"]
[SourceVersionDate "2020.10.23"]
[SourceQuality "1"]

1. d4 Nf6 2. c4 c5 3. d5 e6 4. Nc3 exd5 5. cxd5 d6 6. e4 g6 7. Nf3 Bg7 8. h3 0-0 9. Bd3 Nh5 10. 0-0 Nd7 11. Bg5 Bf6 12. Bh6 Re8 13. Qd2 Ne5 14. Nxe5 Bxe5 15. f4 Bd4+ 16. Kh2 Qh4 17. Rf3 Bf6 18. Qe1 a6 19. a4 Bd7 20. Qxh4 Bxh4 21. g3 Bf6 22. g4 Ng7 23. e5 dxe5 24. Ne4 Bd8 25. Nxc5 Bc8 26. d6 Bh4 27. f5 Rd8 28. Bc4 gxf5 29. gxf5 Nxf5 30. Rg1+ Kh8 31. Bg5 Rxd6 32. Rxf5 Bxg5 33. Rfxg5 Rg6 34. Bxf7 Rxg5 35. Rxg5 h6 36. Rg8+ Kh7 37. Be6 b6 38. Rxc8 Rxc8 39. Bxc8 bxc5 40. Bxa6 1-0

[Event "GER Cup Net V3 U2400"]
[Site "Playchess.com INT"]
[Date "2020.05.27"]
[Round "8"]
[White "Flach, Erich"]
[Black "Colbow, Collin"]
[Result "1/2-1/2"]
[WhiteElo "1956"]
[BlackElo "2030"]
[PlyCount "142"]
[EventDate "2020.05.27"]
[EventType "swiss (blitz)"]
[EventRounds "9"]
[EventCountry "GER"]
[SourceTitle "EXT 2021"]
[Source "ChessBase"]
[SourceDate "2020.10.23"]
[SourceVersion "1"]
[SourceVersionDate "2020.10.23"]
[SourceQuality "1"]

1. c4 c5 2. g3 g6 3. Bg2 Bg7 4. Nc3 Nc6 5. Nf3 e5 6. 0-0 d6 7. a3 a5 8. Ne1 Be6 9. d3 Nge7 10. Nc2 d5 11. cxd5 Nxd5 12. Bd2 0-0 13. Ne4 b6 14. Ne3 Rc8 15. Ng5 Nxe3 16. Nxe6 Nxd1 17. Nxd8 Rfxd8 18. Rfxd1 Nd4 19. Kf1 Nb3 20. Rab1 Nxd2+ 21. Rxd2 Rd6 22. Rc2 Rcd8 23. Bf3 f5 24. Ke1 Rd4 25. Bg2 Kf8 26. Bf1 Bf6 27. e3 R4d7 28. Rbc1 Be7 29. Rc4 b5 30. R4c2 a4 31. Be2 Rb7 32. Rd1 Kf7 33. Bf3 Rb6 34. Be2 Kf6 35. h4 h6 36. Rcd2 Rbd6 37. Rc2 R6d7 38. Bf3 Rc8 39. d4 exd4 40. exd4 Rcd8 41. d5 Bd6 42. Re2 Re7 43. Rxe7 Kxe7 44. Kd2 Kd7 45. Re1 Re8 46. Rxe8 Kxe8 47. Be2 b4 48. Bb5+ Ke7 49. axb4 cxb4 50. Bxa4 Kf6 51. Kd3 Ke5 52. Be8 g5 53. hxg5 hxg5 54. Bf7 Bc5 55. f3 Bd6 56. Kc4 f4 57. g4 Kf6 58. Be6 Ke5 59. Bf5 Be7 60. Be4 Bd6 61. Kb5 Be7 62. Kc6 Bd6 63. Kd7 Bc5 64. Ke8 Bd6 65. Kf7 Bc5 66. Ke8 Bd4 67. b3 Bc5 68. Kd7 Bd6 69. Kc6 Be7 70. Kb5 Bd6 71. Kc4 Be7 1/2-1/2

[Event "GER Cup Net V3 U2400"]
[Site "Playchess.com INT"]
[Date "2020.05.27"]
[Round "6"]
[White "Flach, Erich"]
[Black "Eilenberg, Jonas"]
[Result "1-0"]
[WhiteElo "1956"]
[BlackElo "2173"]
[PlyCount "41"]
[EventDate "2020.05.27"]
[EventType "swiss (blitz)"]
[EventRounds "9"]
[EventCountry "GER"]
[SourceTitle "EXT 2021"]
[Source "ChessBase"]
[SourceDate "2020.10.23"]
[SourceVersion "1"]
[SourceVersionDate "2020.10.23"]
[SourceQuality "1"]

1. c4 e6 2. Nc3 d5 3. d4 c6 4. e4 dxe4 5. Nxe4 Bb4+ 6. Bd2 Qxd4 7. Bxb4 Qxe4+ 8. Be2 Na6 9. Bd6 Nf6 10. Nf3 Bd7 11. 0-0 c5 12. Ne5 Rd8 13. Bf3 Qh4 14. Bxb7 Nb4 15. Bxc5 Qf4 16. Qd6 Nbd5 17. cxd5 Nxd5 18. Bxd5 Qg5 19. f4 Qf6 20. Ng4 Qh4 21. g3 1-0

[Event "GER Cup Net V3 U2400"]
[Site "Playchess.com INT"]
[Date "2020.05.27"]
[Round "1"]
[White "Gungl, Theo"]
[Black "Flach, Erich"]
[Result "1/2-1/2"]
[WhiteElo "2117"]
[BlackElo "1956"]
[PlyCount "123"]
[EventDate "2020.05.27"]
[EventType "swiss (blitz)"]
[EventRounds "9"]
[EventCountry "GER"]
[SourceTitle "EXT 2021"]
[Source "ChessBase"]
[SourceDate "2020.10.23"]
[SourceVersion "1"]
[SourceVersionDate "2020.10.23"]
[SourceQuality "1"]

1. d4 Nf6 2. c4 c5 3. d5 e6 4. Nc3 exd5 5. cxd5 d6 6. e4 g6 7. Bb5+ Bd7 8. Qe2 a6 9. Bxd7+ Nbxd7 10. f4 Bg7 11. Nf3 0-0 12. 0-0 Re8 13. Bd2 b5 14. Qd3 c4 15. Qc2 Nc5 16. Rae1 Nd3 17. Re2 Rc8 18. a3 a5 19. Nxb5 Nxd5 20. Nfd4 Qb6 21. Bc3 N5xf4 22. Re3 Ne6 23. Rxd3 cxd3 24. Qxd3 Nc5 25. Qf3 Nxe4 26. Qxf7+ Kh8 27. Qd5 Rc5 28. Qf7 Rce5 29. Qd7 R5e7 30. Qg4 Nxc3 31. bxc3 Re4 32. Qd7 R4e7 33. Qxd6 Bxd4+ 34. Qxd4+ Qxd4+ 35. cxd4 Re1 36. d5 R8e3 37. d6 Kg7 38. Rxe1 Rxe1+ 39. Kf2 Rd1 40. a4 Kf6 41. Ke3 Ke6 42. h3 Kd7 43. g4 Ra1 44. Nc3 Kxd6 45. Kd4 Rh1 46. Ne4+ Ke7 47. Kc5 Rxh3 48. Kb5 Re3 49. Nc5 Re5 50. Kb6 h5 51. gxh5 gxh5 52. Nd3 Re3 53. Nf4 h4 54. Kxa5 Kd6 55. Kb6 Rb3+ 56. Ka6 Ke5 57. Ng6+ Kf5 58. Nxh4+ Kg5 59. Ng2 Kf6 60. Nf4 Ra3 61. Kb5 Rxa4 62. Kxa4 1/2-1/2

[Event "GER Cup Net V2 U2400"]
[Site "Playchess.com INT"]
[Date "2020.05.22"]
[Round "3"]
[White "Flach, Erich"]
[Black "Baskin, Robert"]
[Result "0-1"]
[WhiteElo "1954"]
[BlackElo "2154"]
[PlyCount "78"]
[EventDate "2020.05.22"]
[EventType "swiss (blitz)"]
[EventRounds "9"]
[EventCountry "GER"]
[SourceTitle "EXT 2021"]
[Source "ChessBase"]
[SourceDate "2020.10.23"]
[SourceVersion "1"]
[SourceVersionDate "2020.10.23"]
[SourceQuality "1"]

1. c4 Nf6 2. Nc3 e6 3. e4 d5 4. e5 d4 5. exf6 dxc3 6. bxc3 Qxf6 7. d4 b6 8. Be2 Bb7 9. Bf3 Bxf3 10. Nxf3 Bd6 11. Bg5 Qf5 12. 0-0 0-0 13. Qe2 Nd7 14. Rfe1 h6 15. Bh4 Rfe8 16. a4 a5 17. c5 bxc5 18. Qb5 Nf8 19. Rab1 cxd4 20. Qxf5 exf5 21. Nxd4 g5 22. Nxf5 gxh4 23. Nxh6+ Kg7 24. Nf5+ Kf6 25. Nxh4 Rxe1+ 26. Rxe1 Rb8 27. Nf3 Ne6 28. g3 Rb2 29. Nd4 Nxd4 30. cxd4 Ra2 31. h4 Rxa4 32. Re4 c5 33. Rg4 Rxd4 34. Rg8 c4 35. h5 c3 36. Rc8 Bb4 37. h6 Kg6 38. Rc6+ Kh7 39. Kg2 a4 0-1

[Event "GER Cup Net V1 U2400"]
[Site "Playchess.com INT"]
[Date "2020.05.19"]
[Round "6"]
[White "Flach, Erich"]
[Black "Dargel, Manuel"]
[Result "1-0"]
[WhiteElo "1960"]
[BlackElo "1869"]
[PlyCount "113"]
[EventDate "2020.05.19"]
[EventType "swiss (blitz)"]
[EventRounds "9"]
[EventCountry "GER"]
[SourceTitle "EXT 2021"]
[Source "ChessBase"]
[SourceDate "2020.10.23"]
[SourceVersion "1"]
[SourceVersionDate "2020.10.23"]
[SourceQuality "1"]

1. c4 e6 2. Nc3 b6 3. e4 Bb7 4. g3 Bb4 5. Nge2 f5 6. Bg2 Nf6 7. d3 Bxc3+ 8. Nxc3 d6 9. 0-0 0-0 10. exf5 Bxg2 11. Kxg2 exf5 12. Qf3 Nbd7 13. Qxf5 Ne5 14. d4 Nf7 15. Be3 Qe8 16. Kg1 Qc6 17. b3 Rae8 18. Rae1 a6 19. d5 Qb7 20. Bd4 Nh6 21. Qg5 Qc8 22. Rxe8 Qxe8 23. Qd2 Qh5 24. Kg2 Nfg4 25. h3 Nf6 26. Re1 Nf5 27. Re6 Nxd4 28. Qxd4 Nd7 29. f4 Re8 30. Qe3 Nf6 31. Re7 Kf8 32. Rxe8+ Nxe8 33. g4 Qg6 34. Qe4 Qf6 35. Qe3 h5 36. Kg3 hxg4 37. hxg4 Qg6 38. Ne4 Qh7 39. Ng5 Qh1 40. Qe6 Qg1+ 41. Kf3 Qf1+ 42. Ke4 Nf6+ 43. Kf5 Qd3+ 44. Ne4 Qh3 45. Nxf6 gxf6 46. Qxf6+ Ke8 47. Qe6+ Kd8 48. Qg6 Qd3+ 49. Kg5 Qe3 50. Qe6 Qd2 51. Qf6+ Kd7 52. Kg6 Qd3+ 53. Qf5+ Qxf5+ 54. Kxf5 Ke7 55. g5 Kf7 56. g6+ Kg7 57. Kg5 1-0

[Event "GER Cup Net V1 U2400"]
[Site "Playchess.com INT"]
[Date "2020.05.19"]
[Round "9"]
[White "Flach, Erich"]
[Black "Lesny, Florian"]
[Result "0-1"]
[WhiteElo "1974"]
[BlackElo "1620"]
[PlyCount "59"]
[EventDate "2020.05.19"]
[EventType "swiss (blitz)"]
[EventRounds "9"]
[EventCountry "GER"]
[SourceTitle "EXT 2021"]
[Source "ChessBase"]
[SourceDate "2020.10.23"]
[SourceVersion "1"]
[SourceVersionDate "2020.10.23"]
[SourceQuality "1"]

1. c4 e6 2. Nc3 Nf6 3. e4 d5 4. e5 Ng8 5. d4 c5 6. cxd5 exd5 7. dxc5 d4 8. Nb5 Bxc5 9. Nf3 Nc6 10. Bc4 Nge7 11. 0-0 a6 12. b4 axb5 13. Bxf7+ Kxf7 14. bxc5 Rf8 15. Qb3+ Qd5 16. Qxb5 Kg8 17. Bg5 Ng6 18. Rfd1 Bg4 19. Qxb7 Bxf3 20. gxf3 Ngxe5 21. f4 Nf3+ 22. Kf1 Nxh2+ 23. Kg1 Nf3+ 24. Kf1 Nxg5 25. fxg5 Qh1+ 26. Ke2 Rae8+ 27. Kd2 Rxf2+ 28. Kc1 Qe4 29. Qb3+ Kh8 30. a4 0-1